Govt. of
Madhya Pradesh

Normal view MARC view

Entry Personal Name

Number of records used in: 4

001 - CONTROL NUMBER

  • control field: 19806

003 - CONTROL NUMBER IDENTIFIER

  • control field: OSt

005 - DATE AND TIME OF LATEST TRANSACTION

  • control field: 20151208162619.0

008 - FIXED-LENGTH DATA ELEMENTS

  • fixed length control field: 151208|| aca||aabn | a|a d

040 ## - CATALOGING SOURCE

  • Original cataloging agency: OSt
  • Transcribing agency: OSt

100 ## - HEADING--PERSONAL NAME

  • Personal name: पदमश्री डॉ लालबहादुर सिंह चौहान

670 ## - SOURCE DATA FOUND

  • Source citation: Work cat.: (OSt)47520: पदमश्री डॉ लालबहादुर सिंह चौहान , भारत के अनमोल रत्‍न लालहादुर शास्‍त्री, 2011